Organizational resilience in hospitality and tourism / (Record no. 51896)

MARC details
000 -LEADER
fixed length control field 00753nam a2200253Ia 4500
005 - DATE AND TIME OF LATEST TRANSACTION
control field 20260429112019.0
008 - FIXED-LENGTH DATA ELEMENTS--GENERAL INFORMATION
fixed length control field 260429s9999||||xx |||||||||||||| ||und||
020 ## - INTERNATIONAL STANDARD BOOK NUMBER
International Standard Book Number 9781032270968
041 ## - LANGUAGE CODE
Language English
082 ## - DEWEY DECIMAL CLASSIFICATION NUMBER
Classification number 338.4791
Item number ROZ
100 ## - MAIN ENTRY--PERSONAL NAME
Personal name Rozkwitalska-Welenc, Malgorzata
245 #0 - TITLE STATEMENT
Title Organizational resilience in hospitality and tourism /
Statement of responsibility, etc Malgorzata Rozkwitalska-Welenc
250 ## - EDITION STATEMENT
Edition statement 1st ed.
260 ## - PUBLICATION, DISTRIBUTION, ETC. (IMPRINT)
Place of publication, distribution, etc New Delhi :
Name of publisher, distributor, etc Routledge,
Date of publication, distribution, etc 2024.
300 ## - PHYSICAL DESCRIPTION
Extent x, 198 p.; hb
650 ## - SUBJECT ADDED ENTRY--TOPICAL TERM
Topical term or geographic name as entry element Organizational resilience
650 ## - SUBJECT ADDED ENTRY--TOPICAL TERM
Topical term or geographic name as entry element Tourism management
650 ## - SUBJECT ADDED ENTRY--TOPICAL TERM
Topical term or geographic name as entry element Hospitality management
700 ## - ADDED ENTRY--PERSONAL NAME
Personal name Basinska, Beata A.
700 ## - ADDED ENTRY--PERSONAL NAME
Personal name Borzyszkowski, Jacek
700 ## - ADDED ENTRY--PERSONAL NAME
Personal name Karatepe, Osman M.
700 ## - ADDED ENTRY--PERSONAL NAME
Personal name Okumus, Fevzi
942 ## - ADDED ENTRY ELEMENTS (KOHA)
Koha item type Text Books
Holdings
Withdrawn status Lost status Damaged status Not for loan Collection code Home library Location Shelving location Date of Cataloging Source of acquisition Total Checkouts Full call number Barcode Date last seen Price effective from Koha item type
        Non-fiction CUTN Central Library CUTN Central Library Social Sciences 29/04/2026 SansRack Publishing Solutions, Chennai - Invoice No. S131/25-26 on 11-02-2026   338.4791 ROZ 56935 29/04/2026 29/04/2026 Text Books